<?xml version="1.0" encoding="UTF-8"?>
<record
    xmlns:xsi="http://www.w3.org/2001/XMLSchema-instance"
    xsi:schemaLocation="http://www.loc.gov/MARC21/slim http://www.loc.gov/standards/marcxml/schema/MARC21slim.xsd"
    xmlns="http://www.loc.gov/MARC21/slim">

  <leader>02292njm a2200409Ia 4500</leader>
  <controlfield tag="001">25879</controlfield>
  <controlfield tag="003">IT-RoPAU</controlfield>
  <controlfield tag="005">20220918181121.0</controlfield>
  <controlfield tag="008">131025s9999    xx            000 0 und d</controlfield>
  <datafield tag="040" ind1=" " ind2=" ">
    <subfield code="a">IT-RoPAU</subfield>
  </datafield>
  <datafield tag="040" ind1=" " ind2=" ">
    <subfield code="c">IT-RoPAU</subfield>
  </datafield>
  <datafield tag="999" ind1=" " ind2=" ">
    <subfield code="c">99786</subfield>
    <subfield code="d">99786</subfield>
  </datafield>
  <datafield tag="999" ind1=" " ind2=" ">
    <subfield code="b">SI</subfield>
  </datafield>
  <datafield tag="100" ind1=" " ind2=" ">
    <subfield code="a">AA.VV.</subfield>
    <subfield code="9">794</subfield>
  </datafield>
  <datafield tag="100" ind1=" " ind2=" ">
    <subfield code="e">Autore musica</subfield>
    <subfield code="9">14646</subfield>
  </datafield>
  <datafield tag="100" ind1=" " ind2=" ">
    <subfield code="g">Codice autore musica SPICS: 12000</subfield>
    <subfield code="9">796</subfield>
  </datafield>
  <datafield tag="245" ind1=" " ind2=" ">
    <subfield code="a">Monk On Riverside 1955-57, vol. 01</subfield>
  </datafield>
  <datafield tag="250" ind1=" " ind2=" ">
    <subfield code="a">2a ed.</subfield>
  </datafield>
  <datafield tag="260" ind1=" " ind2=" ">
    <subfield code="a">MILANO</subfield>
  </datafield>
  <datafield tag="260" ind1=" " ind2=" ">
    <subfield code="b">RIVERSIDE RECORDS</subfield>
    <subfield code="c">1984 [1a Ed.:1955 - Ed. Lingua Orig.: 1955]</subfield>
  </datafield>
  <datafield tag="300" ind1=" " ind2=" ">
    <subfield code="a">DISCO</subfield>
  </datafield>
  <datafield tag="300" ind1=" " ind2=" ">
    <subfield code="c">36 minuti (Testo:  pag.)</subfield>
  </datafield>
  <datafield tag="500" ind1=" " ind2=" ">
    <subfield code="a">Musica jazz</subfield>
  </datafield>
  <datafield tag="505" ind1=" " ind2=" ">
    <subfield code="a">It Don't Mean a Thing [(21/27 luglio 1955) (5:00)] - Sophisticated Lady [(21/27 luglio 1955) (5:00)] - I Got It Bad [(21/27 luglio 1955) (6:00)] - Black and Tan Fantasy [(21/27 luglio 1955) (4:00)] - Mood Indigo [(21/27 luglio 1955) (4:00)] - I Let a Song Go Out of My Heart [(21/27 luglio 1955) (6:00)] - Solitude [(21/27 luglio 1955) (4:00)] - Caravan [(21/27 luglio 1955) (6:00)]</subfield>
  </datafield>
  <datafield tag="511" ind1=" " ind2=" ">
    <subfield code="a">Monk Theolonius: piano; Pettiford Oscar: basso; Clarke Kenny: drums</subfield>
  </datafield>
  <datafield tag="650" ind1=" " ind2=" ">
    <subfield code="a">JAZZ [DISCHI]</subfield>
    <subfield code="e">Codice MATERIA SPICS: 9950</subfield>
    <subfield code="9">14647</subfield>
  </datafield>
  <datafield tag="700" ind1=" " ind2=" ">
    <subfield code="a">Monk Thelonious</subfield>
    <subfield code="g">Codice interprete SPICS: 10795</subfield>
    <subfield code="e">Interprete</subfield>
    <subfield code="9">14648</subfield>
  </datafield>
  <datafield tag="700" ind1=" " ind2=" ">
    <subfield code="a">Ellington Duke</subfield>
    <subfield code="g">Codice autore musica SPICS: 13023</subfield>
    <subfield code="e">Autore musica</subfield>
    <subfield code="9">14649</subfield>
  </datafield>
  <datafield tag="700" ind1=" " ind2=" ">
    <subfield code="a">Mills Irving</subfield>
    <subfield code="g">Codice autore SPICS: 13027</subfield>
    <subfield code="e">Autore</subfield>
    <subfield code="p">It Don't Mean a Thing - Sophisticated Lady - Mood Indigo - I Let a Song Go Out of My Heart - Solitude - Caravan</subfield>
    <subfield code="9">14650</subfield>
  </datafield>
  <datafield tag="700" ind1=" " ind2=" ">
    <subfield code="a">Parish Mitchell</subfield>
    <subfield code="g">Codice autore testo/musica SPICS: 23767</subfield>
    <subfield code="e">Autore testo/musica</subfield>
    <subfield code="p">Sophisticated Lady</subfield>
    <subfield code="9">14651</subfield>
  </datafield>
  <datafield tag="700" ind1=" " ind2=" ">
    <subfield code="a">Webster Benjamin Francis (Ben)</subfield>
    <subfield code="g">Codice autore SPICS: 14419</subfield>
    <subfield code="e">Autore</subfield>
    <subfield code="p">I Got It Bad</subfield>
    <subfield code="9">14652</subfield>
  </datafield>
  <datafield tag="700" ind1=" " ind2=" ">
    <subfield code="a">Miley Bubber</subfield>
    <subfield code="g">Codice autore musica SPICS: 16296</subfield>
    <subfield code="e">Autore musica</subfield>
    <subfield code="p">Black and Tan Fantasy</subfield>
    <subfield code="9">14653</subfield>
  </datafield>
  <datafield tag="700" ind1=" " ind2=" ">
    <subfield code="a">Bigard Barney</subfield>
    <subfield code="g">Codice autore testo/musica SPICS: 16329</subfield>
    <subfield code="e">Autore testo/musica</subfield>
    <subfield code="p">Mood Indigo</subfield>
    <subfield code="9">14654</subfield>
  </datafield>
  <datafield tag="700" ind1=" " ind2=" ">
    <subfield code="a">Redmond</subfield>
    <subfield code="g">Codice autore testo/musica SPICS: 27922</subfield>
    <subfield code="e">Autore testo/musica</subfield>
    <subfield code="p">I Let a Song Go Out of My Heart</subfield>
    <subfield code="9">14655</subfield>
  </datafield>
  <datafield tag="700" ind1=" " ind2=" ">
    <subfield code="a">De Lange E.</subfield>
    <subfield code="g">Codice autore SPICS: 20736</subfield>
    <subfield code="e">Autore</subfield>
    <subfield code="p">Solitude</subfield>
    <subfield code="9">14656</subfield>
  </datafield>
  <datafield tag="700" ind1=" " ind2=" ">
    <subfield code="a">Tizol Juan</subfield>
    <subfield code="g">Codice autore SPICS: 20356</subfield>
    <subfield code="e">Autore</subfield>
    <subfield code="p">Caravan</subfield>
    <subfield code="9">14657</subfield>
  </datafield>
  <datafield tag="942" ind1=" " ind2=" ">
    <subfield code="c">MD</subfield>
    <subfield code="2">ddc</subfield>
  </datafield>
  <datafield tag="952" ind1=" " ind2=" ">
    <subfield code="0">0</subfield>
    <subfield code="1">0</subfield>
    <subfield code="4">0</subfield>
    <subfield code="6">25879_000000000000000</subfield>
    <subfield code="7">1</subfield>
    <subfield code="a">SPICS</subfield>
    <subfield code="b">SPICS</subfield>
    <subfield code="d">2013-10-25</subfield>
    <subfield code="l">0</subfield>
    <subfield code="o">25879</subfield>
    <subfield code="r">2013-10-25 00:00:00</subfield>
    <subfield code="w">2013-10-25</subfield>
    <subfield code="y">MD</subfield>
    <subfield code="z">Progr. Ins.: 5752 / N.Vol.: 1 / Copie: 1 - Copia rara: SI / date import: 01.01.2014 - By Epidotti, Trombetti, Vaglietti</subfield>
  </datafield>
</record>
